[Event "BRA-ch U18"]
[Site "Itajai"]
[Date "2017.06.03"]
[Round "5"]
[White "Lorensetti, Jesse Emanoel"]
[Black "Cadilhac, Igor Tokuichi Kikuc"]
[Result "0-1"]
[WhiteElo "1845"]
[BlackElo "2234"]
[PlyCount "102"]
[EventDate "2017.06.01"]
[EventType "swiss"]
[EventRounds "6"]
[EventCountry "BRA"]
[SourceTitle "CBM 179 Extra"]
[Source "ChessBase"]
[SourceDate "2017.08.23"]
[SourceVersion "1"]
[SourceVersionDate "2017.08.23"]
[SourceQuality "1"]

1. e4 c5 2. Nf3 d6 3. Bb5+ Nd7 4. 0-0 a6 5. Bxd7+ Bxd7 6. h3 Bc6 7. Re1 g6 8. c3 Bg7 9. d4 e5 10. Nbd2 Qc7 11. Nc4 b5 12. dxe5 dxe5 13. Nd6+ Ke7 14. Nxf7 Kxf7 15. Ng5+ Ke8 16. Be3 Qe7 17. a4 h6 18. axb5 axb5 19. Rxa8+ Bxa8 20. Qb3 Bc6 21. Bxc5 Qxg5 22. Ra1 Qf6 23. Ra7 Bf8 24. Be3 Ne7 25. f3 Bd7 26. Ra8+ Nc8 27. Qd5 Qd6 28. Qb7 Be7 29. b4 Kf7 30. Ra6 Qd1+ 31. Kh2 Rd8 32. Qc7 Be6 33. Bc5 Qd7 34. Qxe5 Bd6 35. Bxd6 Nxd6 36. Qd4 Qc7 37. Qe5 Rd7 38. Qf4+ Nf5 39. Qxc7 Rxc7 40. exf5 Bxf5 41. Ra3 Ke6 42. g4 Bc2 43. f4 Kd5 44. Ra8 Ke4 45. Rb8 Bd3 46. Rh8 Kxf4 47. Rxh6 Rxc3 48. Rh8 Rc2+ 49. Kg1 Kg3 50. Rf8 Rc1+ 51. Rf1 Rxf1# 0-1

[Event "BRA-ch U18"]
[Site "Itajai"]
[Date "2017.06.03"]
[Round "4"]
[White "Lorensetti, Jesse Emanoel"]
[Black "Goncalves, Davi Sulzbacher"]
[Result "1-0"]
[WhiteElo "1845"]
[BlackElo "2255"]
[PlyCount "57"]
[EventDate "2017.06.01"]
[EventType "swiss"]
[EventRounds "6"]
[EventCountry "BRA"]
[SourceTitle "CBM 179 Extra"]
[Source "ChessBase"]
[SourceDate "2017.08.23"]
[SourceVersion "1"]
[SourceVersionDate "2017.08.23"]
[SourceQuality "1"]

1. e4 c5 2. Nf3 Nc6 3. Bb5 g6 4. 0-0 Bg7 5. Bxc6 dxc6 6. d3 Nf6 7. h3 Nd7 8. Nc3 e5 9. Bg5 f6 10. Be3 Qe7 11. Qd2 g5 12. Nh2 Nf8 13. a3 Ng6 14. b4 c4 15. dxc4 Be6 16. c5 0-0 17. Rad1 Qf7 18. Rfe1 Rae8 19. b5 h6 20. a4 f5 21. exf5 Bxf5 22. Nf1 Qc4 23. Ng3 e4 24. Nxf5 Bxc3 25. Qd7 Rd8 26. Nxh6+ Kh8 27. Nf7+ Rxf7 28. Qxd8+ Rf8 29. Qxg5 1-0

[Event "BRA-ch U18"]
[Site "Itajai"]
[Date "2017.06.01"]
[Round "1"]
[White "Lorensetti, Jesse Emanoel"]
[Black "Goncalves, Marcelo Moreira"]
[Result "1-0"]
[WhiteElo "1845"]
[BlackElo "1560"]
[PlyCount "69"]
[EventDate "2017.06.01"]
[EventType "swiss"]
[EventRounds "6"]
[EventCountry "BRA"]
[SourceTitle "CBM 179 Extra"]
[Source "ChessBase"]
[SourceDate "2017.08.23"]
[SourceVersion "1"]
[SourceVersionDate "2017.08.23"]
[SourceQuality "1"]

1. e4 e5 2. Nf3 Nc6 3. Bb5 d6 4. d4 exd4 5. Nxd4 Bd7 6. Bxc6 Bxc6 7. Nc3 Nf6 8. 0-0 Be7 9. Nxc6 bxc6 10. f4 0-0 11. Qf3 Nd7 12. g4 f6 13. b3 Qe8 14. Bb2 Qg6 15. Rae1 d5 16. exd5 Bc5+ 17. Kh1 cxd5 18. Qxd5+ Qf7 19. Rd1 Bd6 20. Ne4 Qxd5 21. Rxd5 Nb6 22. Rd2 Be7 23. c4 f5 24. gxf5 Rxf5 25. Ng3 Rf7 26. Be5 Bf6 27. Bxf6 gxf6 28. Rfd1 Re8 29. Kg2 c5 30. Nf5 Rc7 31. Kf3 Nc8 32. Rd7 Rxd7 33. Rxd7 a6 34. Nd6 Nb6 35. Rb7 1-0

[Event "BRA-ch U18"]
[Site "Itajai"]
[Date "2016.06.10"]
[Round "3"]
[White "Lorensetti, Jesse Emanoel"]
[Black "Filgueiras, Nathan Felipe"]
[Result "0-1"]
[WhiteElo "1786"]
[BlackElo "1935"]
[PlyCount "139"]
[EventDate "2016.06.09"]
[EventType "swiss"]
[EventRounds "6"]
[EventCountry "BRA"]
[SourceTitle "CBM 172 Extra"]
[Source "ChessBase"]
[SourceDate "2016.06.21"]
[SourceVersion "1"]
[SourceVersionDate "2016.06.21"]
[SourceQuality "1"]

1. e4 c5 2. Nf3 a6 3. c3 e6 4. d4 cxd4 5. cxd4 d6 6. Bd3 Nd7 7. 0-0 Be7 8. Nc3 b5 9. Ne2 Bb7 10. Ng3 Ngf6 11. b3 Rc8 12. Bb2 Nb6 13. Re1 0-0 14. Rc1 Rxc1 15. Qxc1 Nfd7 16. Qf4 Re8 17. Qg4 Nf6 18. Qh3 h6 19. Bc1 Bf8 20. Nh5 Nxh5 21. Qxh5 Nd7 22. Qg4 Nf6 23. Qg3 Nh5 24. Qh3 Nf6 25. g4 e5 26. g5 hxg5 27. Nxg5 Qd7 28. d5 Qxh3 29. Nxh3 Rc8 30. Bd2 Nd7 31. Rc1 Rxc1+ 32. Bxc1 Be7 33. Ba3 Nc5 34. Bxc5 dxc5 35. f3 Bc8 36. Nf2 Bd7 37. Nd1 Kf8 38. Nb2 Ke8 39. a4 Kd8 40. axb5 axb5 41. Kf2 Kc7 42. Kg3 Kb6 43. f4 Bd6 44. f5 Be7 45. h4 Ka5 46. Bc2 f6 47. Nd3 c4 48. bxc4 bxc4 49. Nb2 Kb4 50. Nd1 Be8 51. Kg4 Bc5 52. h5 Be7 53. Kh4 Kc5 54. Kg4 Kd4 55. Kh4 Bd8 56. d6 Bc6 57. Nf2 Ke3 58. Ng4+ Kd2 59. Bb1 c3 60. h6 gxh6 61. Kh5 Bb5 62. Nf2 Bb6 63. Kg6 Bxf2 64. Kxf6 Bd3 65. d7 Bb6 66. Ke6 Bxb1 67. f6 Ba2+ 68. Ke7 c2 69. f7 Bxf7 70. Kxf7 0-1

[Event "BRA-ch U16 37th"]
[Site "Lages"]
[Date "2015.05.16"]
[Round "5"]
[White "Weise, William Ferreira"]
[Black "Lorensetti, Jesse Emanoel"]
[Result "1-0"]
[WhiteElo "1716"]
[BlackElo "1793"]
[PlyCount "133"]
[EventDate "2015.05.14"]
[EventType "swiss"]
[EventRounds "6"]
[EventCountry "BRA"]
[SourceTitle "EXT 2022"]
[Source "ChessBase"]
[SourceDate "2021.10.06"]
[SourceVersion "1"]
[SourceVersionDate "2021.10.06"]
[SourceQuality "1"]

1. e4 c5 2. Nf3 Nc6 3. d4 cxd4 4. Nxd4 Nf6 5. Nc3 g6 6. Be3 Bg7 7. f3 d5 8. Bb5 0-0 9. Bxc6 bxc6 10. e5 c5 11. Nc6 Qc7 12. exf6 Bxf6 13. Qxd5 Bb7 14. Qxc5 Qxc6 15. Qxc6 Bxc6 16. Bd2 Bh4+ 17. g3 Bf6 18. Rf1 Rab8 19. 0-0-0 h5 20. b3 e6 21. Ne4 Be7 22. Bc3 f5 23. Nd6 Bf6 24. Bxf6 Rxf6 25. Nc4 Bb5 26. Ne5 Bxf1 27. Nd7 Be2 28. Nxf6+ Kf7 29. Re1 Kxf6 30. Rxe2 e5 31. Rd2 Ke6 32. c4 g5 33. c5 Rb5 34. Rc2 Kd7 35. c6+ Kc7 36. Kb2 Rb6 37. Rc5 Rxc6 38. Rxe5 Rf6 39. Re7+ Kb6 40. Rh7 Re6 41. Rxh5 Re3 42. Rxg5 Rxf3 43. h4 Rf2+ 44. Ka3 f4 45. gxf4 Rxf4 46. h5 Rh4 47. Rg6+ Kb7 48. h6 Kc7 49. Rg7+ Kb6 50. Rh7 Ka6 51. Rh8 Kb7 52. Rh7+ Ka6 53. Rh8 Kb7 54. Rh7+ Ka6 55. b4 Rh3+ 56. Ka4 Rh4 57. Rh8 Rh2 58. a3 Kb7 59. Ka5 Ra2 60. Rh7+ Kb8 61. a4 Rh2 62. Ka6 Rh4 63. Rh8+ Kc7 64. h7 Rxb4 65. Rc8+ Kxc8 66. h8Q+ Kc7 67. Qc3+ 1-0

[Event "Curitiba Terzian Memorial op"]
[Site "Curitiba"]
[Date "2014.11.02"]
[Round "5"]
[White "Lorensetti, Jesse Emanoel"]
[Black "Deus Filho, Joaquim"]
[Result "0-1"]
[WhiteElo "1794"]
[BlackElo "1971"]
[PlyCount "42"]
[EventDate "2014.10.31"]
[EventType "swiss"]
[EventRounds "6"]
[EventCountry "BRA"]
[SourceTitle "EXT 2015"]
[Source "ChessBase"]
[SourceDate "2014.11.20"]
[SourceVersion "1"]
[SourceVersionDate "2014.11.20"]
[SourceQuality "1"]

1. e4 c5 2. Nc3 a6 3. Nf3 Nc6 4. d4 cxd4 5. Nxd4 g6 6. Be3 Bg7 7. Qd2 Nf6 8. f3 d5 9. Nxc6 bxc6 10. e5 Nd7 11. f4 e6 12. Be2 0-0 13. h4 c5 14. Bf2 Rb8 15. h5 Qa5 16. hxg6 fxg6 17. 0-0-0 Qb4 18. b3 Nxe5 19. Bxc5 Qxc5 20. fxe5 Bxe5 21. Nxd5 Qa3+ 0-1

[Event "Curitiba Terzian Memorial op"]
[Site "Curitiba"]
[Date "2014.11.01"]
[Round "4"]
[White "Lorensetti, Jesse Emanoel"]
[Black "Britez, G Jorge A"]
[Result "1/2-1/2"]
[WhiteElo "1794"]
[BlackElo "1860"]
[PlyCount "80"]
[EventDate "2014.10.31"]
[EventType "swiss"]
[EventRounds "6"]
[EventCountry "BRA"]
[SourceTitle "EXT 2015"]
[Source "ChessBase"]
[SourceDate "2014.11.20"]
[SourceVersion "1"]
[SourceVersionDate "2014.11.20"]
[SourceQuality "1"]

1. e4 c6 2. d4 d5 3. exd5 cxd5 4. Bd3 Nc6 5. c3 Qc7 6. Ne2 e6 7. Bf4 Bd6 8. Bxd6 Qxd6 9. 0-0 Nf6 10. Nd2 0-0 11. Ng3 g6 12. f4 Ne7 13. Qc1 Bd7 14. Nf3 Rfc8 15. Ne5 b5 16. Qe1 Rab8 17. Ne2 Ne4 18. Bxe4 dxe4 19. Qh4 f5 20. Rfe1 Rc7 21. Rad1 Nd5 22. Nc1 Nb6 23. Re3 Bc6 24. Rh3 Rg7 25. Nb3 Na4 26. Rd2 Bd5 27. Qh6 Bxb3 28. axb3 Nc5 29. b4 Nd7 30. Rd1 Nxe5 31. fxe5 Qd5 32. Ra1 Qc6 33. Re3 Rb6 34. Qg5 Rd7 35. h4 Ra6 36. Ree1 Rg7 37. Qd8+ Kf7 38. Rxa6 Qxa6 39. Qd7+ Kf8 40. Qd8+ Kf7 1/2-1/2

[Event "Curitiba Terzian Memorial op"]
[Site "Curitiba"]
[Date "2014.11.01"]
[Round "3"]
[White "Silva, Lucas Henrique Da"]
[Black "Lorensetti, Jesse Emanoel"]
[Result "1-0"]
[WhiteElo "2074"]
[BlackElo "1794"]
[PlyCount "97"]
[EventDate "2014.10.31"]
[EventType "swiss"]
[EventRounds "6"]
[EventCountry "BRA"]
[SourceTitle "EXT 2015"]
[Source "ChessBase"]
[SourceDate "2014.11.20"]
[SourceVersion "1"]
[SourceVersionDate "2014.11.20"]
[SourceQuality "1"]

1. Nf3 Nf6 2. b3 e6 3. Bb2 b6 4. g3 Bb7 5. Bg2 d5 6. 0-0 c5 7. d3 Nc6 8. Nbd2 Be7 9. e4 Qc7 10. exd5 exd5 11. d4 0-0 12. Re1 Rad8 13. dxc5 bxc5 14. Nh4 Bc8 15. Nf1 Ng4 16. Nf3 Bf6 17. Bxf6 Nxf6 18. Ne3 d4 19. Nc4 Nd5 20. Qd2 Nc3 21. a3 Be6 22. Qd3 Ne7 23. Rxe6 fxe6 24. Ng5 Ng6 25. Nxe6 Qf7 26. Nxf8 Rxf8 27. Rf1 Qe7 28. f4 Ne2+ 29. Kh1 Re8 30. Bf3 Nc3 31. Bc6 Rc8 32. Bf3 Re8 33. Kg2 Rf8 34. Bh5 Qb7+ 35. Qf3 Qxf3+ 36. Kxf3 Ne7 37. Re1 Ned5 38. Bg4 g6 39. Re5 Rd8 40. h4 Kf8 41. h5 Kg7 42. Rg5 Rf8 43. Be6 Nc7 44. Bh3 N3d5 45. Bf1 Kh6 46. hxg6 hxg6 47. Bd3 Rf6 48. Ne5 Ne7 49. Ng4+ 1-0

[Event "Curitiba Terzian Memorial op"]
[Site "Curitiba"]
[Date "2014.10.31"]
[Round "2"]
[White "Lorensetti, Jesse Emanoel"]
[Black "Acosta, Pablo Alejandro"]
[Result "1-0"]
[WhiteElo "1794"]
[BlackElo "2047"]
[PlyCount "77"]
[EventDate "2014.10.31"]
[EventType "swiss"]
[EventRounds "6"]
[EventCountry "BRA"]
[SourceTitle "EXT 2015"]
[Source "ChessBase"]
[SourceDate "2014.11.20"]
[SourceVersion "1"]
[SourceVersionDate "2014.11.20"]
[SourceQuality "1"]

1. e4 e6 2. Nf3 d5 3. Nc3 dxe4 4. Nxe4 Nd7 5. d4 Ngf6 6. Bd3 Nxe4 7. Bxe4 Nf6 8. Bd3 c5 9. 0-0 cxd4 10. Nxd4 Bc5 11. Nb3 Bd6 12. Bg5 Qc7 13. h3 Bd7 14. Re1 h6 15. Bd2 0-0-0 16. Ba5 b6 17. Bd2 Bc6 18. a4 Bh2+ 19. Kh1 Bf4 20. a5 b5 21. Qe2 Rd5 22. Bxf4 Qxf4 23. c4 Rh5 24. Qe3 Qg4 25. f3 Qg3 26. Be4 Rg5 27. Re2 Nxe4 28. fxe4 Qxe3 29. Rxe3 f5 30. cxb5 Bxe4 31. Rc1+ Kb8 32. Re2 Rc8 33. Nc5 Ka8 34. Rc3 Rb8 35. Nxe6 Rg6 36. Nc7+ Kb7 37. Na6 Rxa6 38. bxa6+ Kxa6 39. Rc7 1-0

[Event "Parana-chT"]
[Site "Sao Jose dos Pinhais"]
[Date "2014.10.16"]
[Round "4.1"]
[White "Lorensetti, Jesse Emanoel"]
[Black "Da Silva, Gabriel Manoel"]
[Result "1-0"]
[WhiteElo "1794"]
[BlackElo "1795"]
[PlyCount "79"]
[EventDate "2014.10.13"]
[EventType "team-swiss"]
[EventRounds "6"]
[EventCountry "BRA"]
[SourceTitle "EXT 2015"]
[Source "ChessBase"]
[SourceDate "2014.11.20"]
[SourceVersion "1"]
[SourceVersionDate "2014.11.20"]
[SourceQuality "1"]
[WhiteTeam "Cascavel"]
[BlackTeam "Paranavai"]
[WhiteTeamCountry "BRA"]
[BlackTeamCountry "BRA"]

1. e4 e6 2. Nf3 Nc6 3. d4 d5 4. e5 Bd7 5. c3 h6 6. Bd3 Nge7 7. 0-0 g6 8. Na3 Bg7 9. Ne1 Nf5 10. f4 a5 11. Nf3 h5 12. Qe2 Nce7 13. b3 c6 14. c4 h4 15. Nc2 Qb6 16. Ba3 Bh6 17. Bc5 Qd8 18. Ng5 b6 19. Ba3 Ng8 20. Nh3 Nge7 21. Rf3 Rc8 22. Rd1 Bf8 23. Nf2 Nh6 24. g4 hxg3 25. hxg3 Nef5 26. Bxf8 Kxf8 27. g4 Ng7 28. Rh3 Kg8 29. Kg2 f5 30. exf6 Qxf6 31. g5 Qxf4 32. gxh6 Rxh6 33. Rxh6 Qxh6 34. Rh1 Qg5+ 35. Qg4 Qxg4+ 36. Nxg4 dxc4 37. bxc4 Rd8 38. Bxg6 c5 39. Nh6+ Kf8 40. Rf1+ 1-0

[Event "BRA-ch Sul"]
[Site "Foz do Iguacu"]
[Date "2014.09.14"]
[Round "5"]
[White "Lorensetti, Jesse Emanoel"]
[Black "Farhat, Mohamed Abdallah"]
[Result "1/2-1/2"]
[WhiteElo "1816"]
[BlackElo "1775"]
[PlyCount "42"]
[EventDate "2014.09.12"]
[EventType "swiss"]
[EventRounds "6"]
[EventCountry "BRA"]
[SourceTitle "EXT 2016"]
[Source "ChessBase"]
[SourceDate "2015.10.08"]
[SourceVersion "1"]
[SourceVersionDate "2015.10.08"]
[SourceQuality "1"]

1. e4 c5 2. Nc3 Nc6 3. f4 d6 4. g3 g6 5. Bg2 Bg7 6. d3 e6 7. Nf3 Nge7 8. 0-0 0-0 9. Be3 Nd4 10. Qd2 Nec6 11. Nd1 f5 12. exf5 Nxf5 13. c3 Bd7 14. Nf2 b6 15. Rfe1 Rc8 16. d4 cxd4 17. cxd4 Nce7 18. Ne4 d5 19. Neg5 h6 20. Nh3 Nd6 21. Ne5 Bxe5 1/2-1/2

[Event "BRA-ch Sul"]
[Site "Foz do Iguacu"]
[Date "2014.09.12"]
[Round "2"]
[White "Mayara Sibowicz, Giovanna"]
[Black "Lorensetti, Jesse Emanoel"]
[Result "0-1"]
[WhiteElo "1683"]
[BlackElo "1816"]
[PlyCount "71"]
[EventDate "2014.09.12"]
[EventType "swiss"]
[EventRounds "6"]
[EventCountry "BRA"]
[SourceTitle "EXT 2016"]
[Source "ChessBase"]
[SourceDate "2015.10.08"]
[SourceVersion "1"]
[SourceVersionDate "2015.10.08"]
[SourceQuality "1"]

1. e4 d5 2. exd5 Nf6 3. Nf3 Nxd5 4. h3 Bf5 5. Bc4 e6 6. 0-0 Be7 7. d4 0-0 8. Bd3 Bxd3 9. Qxd3 c5 10. Rd1 Nc6 11. dxc5 Bxc5 12. Qe2 Qb6 13. c4 Nde7 14. Nc3 Qb4 15. a3 Qb3 16. Bf4 Nf5 17. Ne4 Nfd4 18. Nxd4 Bxd4 19. Rab1 e5 20. Bg3 f5 21. Nd2 Qxg3 22. Nf3 Qg6 23. b4 Rae8 24. Qa2 Qf6 25. b5 Ne7 26. Rd2 f4 27. Rbd1 Nf5 28. Qb3 Kh8 29. Qc2 g5 30. Re2 h5 31. Nd2 g4 32. Ne4 Qh4 33. Nd6 Nxd6 34. Qg6 Rf6 35. Qc2 f3 36. Red2 0-1

[Event "Maringa op 4th"]
[Site "Maringa"]
[Date "2014.08.20"]
[Round "2"]
[White "Caetano, Hugo Zanotti Mendon"]
[Black "Lorensetti, Jesse Emanoel"]
[Result "1-0"]
[WhiteElo "2190"]
[BlackElo "1815"]
[PlyCount "73"]
[EventDate "2014.08.20"]
[EventType "swiss"]
[EventRounds "9"]
[EventCountry "BRA"]
[SourceTitle "EXT 2015"]
[Source "ChessBase"]
[SourceDate "2014.11.20"]
[SourceVersion "1"]
[SourceVersionDate "2014.11.20"]
[SourceQuality "1"]

1. d4 Nf6 2. c4 e6 3. Nf3 Bb4+ 4. Bd2 Qe7 5. Nc3 Bxc3 6. Bxc3 Ne4 7. Qc2 Nxc3 8. Qxc3 d6 9. e4 Nd7 10. e5 0-0 11. Bd3 dxe5 12. dxe5 Nc5 13. Bc2 a5 14. 0-0 b6 15. Qe3 Bb7 16. Ng5 h6 17. Nf3 Rfd8 18. a3 a4 19. Ne1 Qh4 20. f4 Ba6 21. Nf3 Qg4 22. Nd2 Rd7 23. Rf3 Rad8 24. Rg3 Qh4 25. Nf3 Qe7 26. f5 exf5 27. Qxh6 Ne6 28. h3 Qc5+ 29. Kh2 Qf2 30. Qc1 f4 31. Rg4 Nd4 32. Be4 Nb3 33. Qxf4 Nxa1 34. Qf6 Kf8 35. Rxg7 Re7 36. Rh7 Ke8 37. Bc6+ 1-0

[Event "Foz do Iguacu op 1st"]
[Site "Foz do Iguacu"]
[Date "2013.12.15"]
[Round "6"]
[White "Lorensetti, Jesse Emanoel"]
[Black "Gil, Alejandro"]
[Result "0-1"]
[WhiteElo "1852"]
[BlackElo "1827"]
[PlyCount "90"]
[EventDate "2013.12.12"]
[EventType "swiss"]
[EventRounds "7"]
[EventCountry "BRA"]
[SourceTitle "CBM 158 Extra"]
[Source "ChessBase"]
[SourceDate "2014.02.28"]
[SourceVersion "1"]
[SourceVersionDate "2014.02.28"]
[SourceQuality "1"]

1. d4 Nf6 2. c4 g6 3. f3 c6 4. e4 d5 5. e5 Nfd7 6. Nc3 dxc4 7. Bxc4 Nb6 8. Bb3 Bg7 9. Be3 0-0 10. Nge2 Na6 11. 0-0 Nb4 12. Qd2 a5 13. a4 N6d5 14. Bh6 Be6 15. Bxg7 Kxg7 16. Rfc1 Nc7 17. Bxe6 Nxe6 18. h4 h5 19. Na2 Nxa2 20. Rxa2 Qb6 21. Ra3 Rfd8 22. Rd3 Rd5 23. Rc4 Rad8 24. b4 axb4 25. Rxb4 Qa7 26. Qb2 R8d7 27. f4 c5 28. Rc4 Nxd4 29. e6 Rd8 30. f5 f6 31. Nxd4 Rxd4 32. Rcxd4 Rxd4 33. Rxd4 cxd4 34. Qb4 d3+ 35. Kh1 b6 36. g4 Qc7 37. gxh5 gxh5 38. Qb1 Qc6+ 39. Kg1 Qc5+ 40. Kf1 Qxf5+ 41. Kg2 Qg4+ 42. Kh2 Qxh4+ 43. Kg2 Qg4+ 44. Kh2 Qxe6 45. Qg1+ Qg4 0-1

[Event "Parana-chT U18"]
[Site "Sao Jose dos Pinhais"]
[Date "2012.11.19"]
[Round "6.2"]
[White "Marcondes, Igor Dalcol"]
[Black "Lorensetti, Jesse Emanoel"]
[Result "1-0"]
[WhiteElo "1483"]
[BlackElo "1675"]
[PlyCount "65"]
[EventDate "2012.11.14"]
[EventType "team-swiss"]
[EventRounds "7"]
[EventCountry "BRA"]
[SourceTitle "EXT 2024"]
[Source "ChessBase"]
[SourceDate "2023.10.10"]
[SourceVersion "1"]
[SourceVersionDate "2023.10.10"]
[SourceQuality "1"]
[WhiteTeam "Pirai do Sul"]
[BlackTeam "Cascavel"]
[WhiteTeamCountry "BRA"]
[BlackTeamCountry "BRA"]

1. e4 c5 2. Nf3 e6 3. d4 cxd4 4. Nxd4 Nf6 5. Nc3 d6 6. Be3 a6 7. f3 Be7 8. Qd2 0-0 9. Be2 Qc7 10. g4 b5 11. h4 Bb7 12. h5 Nbd7 13. 0-0-0 Rfc8 14. Bd3 Ne5 15. Rh2 Nfd7 16. g5 Nxd3+ 17. Qxd3 Nc5 18. Qd2 b4 19. Nce2 d5 20. e5 a5 21. g6 Qxe5 22. gxf7+ Kxf7 23. Bf4 Qf6 24. Rg1 b3 25. axb3 a4 26. bxa4 Rxa4 27. Qe3 e5 28. Bxe5 Qb6 29. Rxg7+ Ke8 30. Rg8+ Kd7 31. Rxc8 Bxc8 32. Nb3 Bg5 33. Nxc5+ 1-0

[Event "Sao Jose dos Pinhais tt"]
[Site "Sao Jose dos Pinhais"]
[Date "2012.11.14"]
[Round "1.1"]
[White "Machado, Samuel Correa"]
[Black "Lorensetti, Jesse Emanoel"]
[Result "1-0"]
[WhiteElo "1705"]
[BlackElo "1675"]
[PlyCount "89"]
[EventDate "2012.11.14"]
[EventType "team-swiss"]
[EventRounds "7"]
[EventCountry "BRA"]
[SourceTitle "CBM 151 Extra"]
[Source "ChessBase"]
[SourceDate "2012.12.18"]
[SourceVersion "1"]
[SourceVersionDate "2012.12.18"]
[SourceQuality "1"]
[WhiteTeam "Ponta Grossa"]
[BlackTeam "Cascavel"]
[WhiteTeamCountry "BRA"]
[BlackTeamCountry "BRA"]

1. d4 Nf6 2. c4 g6 3. Nc3 Bg7 4. e4 d6 5. f3 0-0 6. Nge2 Nfd7 7. g4 e5 8. Be3 exd4 9. Nxd4 Ne5 10. h4 Nbc6 11. Be2 Bd7 12. Qd2 Na5 13. b3 Nac6 14. 0-0-0 Re8 15. Rdg1 Nxd4 16. Bxd4 a5 17. a4 b6 18. g5 c5 19. Be3 Nc6 20. Nb5 Qe7 21. Qxd6 Qxd6 22. Nxd6 Re6 23. Nb5 Rc8 24. Rd1 Ne5 25. f4 Bxb5 26. axb5 Nxc4 27. Bxc4 Rxe4 28. Bd2 a4 29. Rhe1 Rxe1 30. Bxe1 a3 31. Kc2 Re8 32. Bc3 Bxc3 33. Kxc3 Re3+ 34. Kd2 Rf3 35. Ra1 Rxf4 36. Rxa3 Rxh4 37. Ra7 Rf4 38. Rb7 Rf5 39. Rxb6 Rxg5 40. Rf6 h5 41. Rxf7 Kh8 42. b6 Re5 43. Rf8+ Kh7 44. b7 g5 45. Rg8 1-0